| 000 | 00707nam a2200253 a 4500 | ||
|---|---|---|---|
| 999 |
_c1077 _d1077 |
||
| 008 | 191122s2011 ii a|||g |||| 00| 0 eng d | ||
| 020 |
_a9789350380482 _cRs. 350.00 |
||
| 040 |
_aKO _beng |
||
| 041 | 0 | _aeng | |
| 044 | _aii | ||
| 082 | 0 | 4 |
_223 _a621.381 _bG5493 |
| 100 | 1 | _aGodse, Atul P. | |
| 245 | 1 | 0 |
_aElectronics Engineering / _cAtul P. Godse, Uday A. Bakshi |
| 250 | _a3rd rev. ed. | ||
| 260 |
_aPune : _bTechnical Publications, _c2011 |
||
| 300 |
_aVarious pagination : _bill. ; _c24 cm. |
||
| 650 | 0 |
_aElectronics _vTextbooks |
|
| 650 | 0 | _aSemiconductors | |
| 650 | 0 |
_aDigital electronics _xSwitching theory |
|
| 700 | 1 |
_aBakshi, Uday A. _eaut |
|
| 904 | _aS_JOY | ||
| 942 | _cBK | ||